00484nam a22001577a 450000500170000001000130001702000110003003500130004103700130005408200080006724500870007526000350016227000750019730000210027250500330029320190204162753.0 aB-713094 c400.00 aB-713094 bRK Books a000 aSSC CGL Tier-I examination:bbilingual questions with bilingual solutions 11-40 /  aDelhibParamount Authorsc2017 a704, 1st Floor, Near Batra Cinema, Dr. Mukherjee NagarbDelhi e110009 a476p.c24cm(pbk) a30 Sets - Solved Papers 2016